| 000 | 00732nam a2200181Ia 4500 | ||
|---|---|---|---|
| 008 | 100920s9999 xx 000 0 und d | ||
| 082 |
_b10389 _a891.43 थ 56 |
||
| 100 | _aसुधीन्द्र | ||
| 245 | _aरास-पंचाध्यायी तथा भँवर-गीत. | ||
| 260 |
_bविनोद पुस्तक मंन्दिर,हास्पिटल रोड, आगरा. _c1956 |
||
| 300 |
_a132 _bसाधी |
||
| 365 | _b2 | ||
| 520 | _aहिंदी. | ||
| 630 | _aरास-पंचाध्यायी तथा भँवर-गीत. | ||
| 650 | _aहिंदी. | ||
| 730 | _aरास-पंचाध्यायी तथा भँवर-गीत. | ||
| 942 | _cBOOK | ||
| 999 |
_c676828 _d676825 |
||